000 00861nam a2200253 a 4500
001 000021536
005 20240417183156.0
008 100908s2001 mx a 000 0 spa d
020 _a9684444427
040 _aDO-SdBNP
_bspa
_cBNPHU
082 _a338.5
_bP247m, 2001
100 1 _aParkin, Michael,
_d1935-
_944904
245 1 0 _aMicroeconomía :
_bversión para latinoamérica /
_cMichael Parkin y Gerardo Esquivel ; traducción de Julio Silverio Coro Pando.
250 _a5a ed.
260 _aMéxico, D. F. :
_bPearson Educación,
_c2001.
300 _a541, [16] p. :
_bil. ;
_c26 cm.
534 _aVersión de la obra títulada :
_tMicroeconomics
650 0 _aMicroeconomía
_922953
650 4 _aTeoría económica
_930923
700 1 _aEsquivel, Gerardo
_944905
700 1 _aCoro Pando, Julio Silverio,
_etr.
_944906
910 _aWM
049 _aBNGR
999 _c21036
_d21036